00791 2200253 4500001002100000005001700021008004100038035002400079082001100103090002300114100002600137245013400163250001000297260003500307300002900342500005000371650002100421700001800442700002000460850001600480980001300496985000600509999002200515YOGYA-0209000005503120090227033447.0 ind  0010-020900000055031 a297.77 a297.77bRid TlDEP aRIDLA, Muhammad Jawad aTiga aliran utama teori pendidikan IslamcMuhammad Jawad Ridla ; penerjemah Mahmud Arif ; penyunting, Zainul Abas, Lukman Fauroni aCet.1 aYogyakartabTiara Wacanac2002 axiv,224 hlmbilusc21 cm aJudul asli : Al-fikr al-tarbawiy al-Islamiyyu aPendidikan Islam aArif, Mahmud5 aFaurani, Lukman aYOPDYOG (M) a06-05-04 a1 a2002-248h CB-D.11